Sinh thái học nông nghiệp và bảo vệ môi trường
Saved in:
| Main Author: | |
|---|---|
| Format: | Book |
| Language: | Undetermined |
| Published: |
Hà Nội
Nông nghiệp
1998
|
| Subjects: | |
| Tags: |
Add Tag
No Tags, Be the first to tag this record!
|
| Institutions: | Trung tâm Học liệu Trường Đại học Cần Thơ |
|---|
| LEADER | 00724nam a2200205Ia 4500 | ||
|---|---|---|---|
| 001 | CTU_38898 | ||
| 008 | 210402s9999 xx 000 0 und d | ||
| 082 | |a 574.52 | ||
| 082 | |b L304 | ||
| 100 | |a Cao, Liêm | ||
| 245 | 0 | |a Sinh thái học nông nghiệp và bảo vệ môi trường | |
| 245 | 0 | |c Cao Liêm, Nguyễn Thị Lan, Phạm Văn Phê | |
| 260 | |a Hà Nội | ||
| 260 | |b Nông nghiệp | ||
| 260 | |c 1998 | ||
| 526 | |a Bạc màu đất và bảo tồn tài nguyên đất đai,Suy thoái và bảo tồn môi trường đất | ||
| 526 | |b MT656,MT609 | ||
| 650 | |a Ecology | ||
| 904 | |i Thanh, 990104 | ||
| 980 | |a Trung tâm Học liệu Trường Đại học Cần Thơ | ||